000 00380nam a2200157 a 4500
082 0 0 _a109 HON
100 _aHonderich, Ted
245 _aPhilosophy Through Its Past.
260 _aBritain
_bPenguin Books
_c1984
300 _a534p
500 _aincludes index and biblioraphy
505 2 _apelican book
650 _aPhilosophy-History
700 1 _aHonderich, Ted
942 _cBK
999 _c9252
_d9252